00778nam a2200193 a 450000100100000000500170001000800410002704000250006808200170009324501610011026000420027130000210031350000530033450000330038750000340042050400740045470000390052870000170056700002561920200930023924.0110218s1967 sp r 001 0 spa d aDO-SdBNPbspacBNPHU axxxxxbP832q01a¿Por qué creemos? :bfundamentación y defensa de la fe en 40 tesis /ctraducción Alejandro Esteban Lator Ros ; dirección Walter kern , [et. al.]... aBarcelona, España :bHerder,c1967. a495 p. ;c22 cm. aIncluye referencia bibliográfica p. [461-471]. aIncluye índice de nombres. aIncluye índice de materias. aIncluye referencias bibliográficas y notas al pie de las páginas.1 aLator Ros, Alejandro Esteban,etr.1 akern, Walter